000 00514nam a2200181Ia 4500
005 20250326125428.0
008 250326s9999 xx 000 0 und d
037 _aTextbook
040 _aFMSL
_beng
_cFMSL
041 _aeng
_2eng
084 _aY(X).4471 L2
_qFMSL
100 _aBailey F G
245 0 _aCaste and the economic frontier
_cBailey F G
260 _aLondon
_bLondon, English Language Book Society
_c1972
300 _a292p
942 _cTB
_hY(X).4471 L2
999 _c1278019
_d1278019